书目信息 |
| 题名: |
新编实用英语综合教程
|
|
| 作者: | ;《新编实用英语》教材编写组 编 | |
| 分册: | 2 | |
| 出版信息: | 北京 高等教育出版社 2015重印 |
|
| 页数: | 226页 | |
| 开本: | 26cm | |
| 丛书名: | 《新编实用英语》(第三版)立体化系列教材 | |
| 单 册: | ||
| 中图分类: | H31 | |
| 科图分类: | ||
| 主题词: | 英语--ying yu--高等学校--教材 | |
| 电子资源: | ||
| ISBN: | 978-7-04-029428-6 | |
| 000 | 01328nam 2200313 45 | |
| 001 | 012001010205 | |
| 005 | 20191107105235.93 | |
| 010 | @a978-7-04-029428-6@b2@dCNY35.00 (含光盘) | |
| 016 | @aCN-M02-11-0142-0@b光盘 ; 2 | |
| 099 | @aCAL 012012262067 | |
| 100 | @a20120920d2011 em y0chiy50 ea | |
| 101 | 0 | @achi@aeng |
| 102 | @aCN@b110000 | |
| 105 | @aa z 000yy | |
| 106 | @ar | |
| 200 | 1 | @a新编实用英语综合教程@Axin bian shi yong ying yu zeng ge jiao cheng@d= New practical English comprehensive course@h2@f《新编实用英语》教材编写组编@zeng |
| 205 | @a第3版 | |
| 210 | @a北京@c高等教育出版社@d2015重印 | |
| 215 | @a226页@c图@d26cm@e光盘1片 | |
| 225 | 2 | @a《新编实用英语》(第三版)立体化系列教材@A《 xin bian shi yong ying yu》( di san ban) li ti hua xi lie jiao cai |
| 330 | @a本书在听说读写的基础上, 增加了网络讨论和博客交流、网络搜索和张贴专栏、生活哲理和职业道德警语等内容。 | |
| 410 | 0 | @12001@@@a《新编实用英语》(第三版)立体化系列教材 |
| 510 | 1 | @aNew practical English comprehensive course@zeng |
| 517 | 1 | @a英语综合教程@Aying yu zong he jiao cheng |
| 606 | 0 | @a英语@Aying yu@x高等学校@j教材 |
| 690 | @aH31@v4 | |
| 711 | 02 | @a《新编实用英语》教材编写组@A《 xin bian shi yong ying yu》 jiao cai bian xie zu@4编 |
| 801 | 2 | @aCN@b上海新华@c20191020 |
| 905 | @b1136004-7@dH31@e1718:2=3@f4 | |
| 新编实用英语综合教程= New practical English comprehensive course.2/《新编实用英语》教材编写组编.-第3版.-北京:高等教育出版社,2015重印 |
| 226页:图;26cm+光盘1片.-(《新编实用英语》(第三版)立体化系列教材) |
| ISBN 978-7-04-029428-6(2):CNY35.00 (含光盘) |
| 本书在听说读写的基础上, 增加了网络讨论和博客交流、网络搜索和张贴专栏、生活哲理和职业道德警语等内容。 |
| ● |
| 相关链接 |
|
|
|
|
正题名:新编实用英语综合教程
索取号:H31/1718:2=3
 
预约/预借
| 序号 | 登录号 | 条形码 | 馆藏地/架位号 | 状态 | 备注 |
| 1 | 1136004 | 211360043 | 第二样本阅览室/ [索取号:H31/1718:2=3] | 在馆 | |
| 2 | 1136005 | 211360052 | 第四借阅区/ [索取号:H31/1718:2=3] | 在馆 | |
| 3 | 1136006 | 211360061 | 第四借阅区/ [索取号:H31/1718:2=3] | 在馆 | |
| 4 | 1136007 | 211360070 | 第四借阅区/ [索取号:H31/1718:2=3] | 在馆 |